Úplné znenie zákona o cestovných náhradách

Zákon č. 283/2002 Z.z. v znení ďalších zákonov ... a zákona č. 548/2010 Z.z.

Saved in:
Bibliographic Details
Format: Book Chapter
Language:Slovak
Subjects:
Tags: Add Tag
No Tags, Be the first to tag this record!

MARC

LEADER 00000naa a2200000 4500
001 0137037
005 20231114101635.2
041 0 |a slo 
044 |a SK 
245 1 0 |a Úplné znenie zákona o cestovných náhradách 
520 |a Zákon č. 283/2002 Z.z. v znení ďalších zákonov ... a zákona č. 548/2010 Z.z. 
610 2 0 |a cesty pracovné 
610 2 0 |a práca v zahraničí 
610 2 0 |a náhrada cestovného 
610 2 0 |a zákony 
610 2 0 |a Slovensko 
610 2 0 |a 2002-2010